000 00432nam a2200169Ia 4500
008 230524s9999 xx 000 0 und d
020 _a0198070772
082 _a620.8
_bBHA
100 _aBasudeb Bhattacharyya
245 0 _aMachine Drawing : Includes AutoCAD Supplements
250 _a2
260 _aNew Delhi
_bOxford
_c2012
300 _a"viii,653p;"
500 _aQuantity Number: 40
650 _aMechanics
942 _cBK
999 _c52209
_d52209